00692 2200193 4500001002100000005001700021008004100038035002500079090001800104100001800122245012500140260003700265300002800302500008500330504002600415650002700441850001200468990001800480YOGYA-0209000007166220150429092455.0 ind  a0010-020900000071662 a306.85bSri P aSRI SUTARWATI aPeranan tim penggerak PKK dalam pembangunan keluarga sejahtera di Daerah Tingkat II kota madya YogyakartacSri Sutarwati aYogyakartabIlmu Hukum UIIc1996 aVII, 79 lembar ;c30 cm aLaporan Tugas akhir program Magister(S2) Ilmu Hukum Universitas Islam Indonesia. aBibigrafi : lembar 80 aKesejahteraan Keluarga aYOPDYOG a35585-PD/A.08